| 000 | 00696nam a2200253 i 4500 | ||
|---|---|---|---|
| 001 | 6798 | ||
| 003 | ES-MaACL | ||
| 005 | 20250911062631.0 | ||
| 008 | 900531s1990 sp |||| | spa d | ||
| 020 | _a84-233-1830-3 | ||
| 080 | _a849.9-992"19" | ||
| 080 | _a849.9(Pla,J.7 N.03=6) | ||
| 080 | _a91(443.61) | ||
| 100 | 1 |
_aPla, Josep, _d1897-1981 _9164614 |
|
| 245 | 1 | 0 |
_aNotas sobre París / _cJosep Pla. |
| 250 | _a1ª ed. | ||
| 260 |
_aBarcelona : _bDestino, _c1990. |
||
| 300 |
_a379 p. ; _c20 cm. |
||
| 490 | 1 |
_aAncora y delfín ; _v646 |
|
| 651 | 4 |
_aParís- _xDescripción. _99207 |
|
| 830 | 0 | 0 |
_aÁncora y Delfín _v646 _9151298 |
| 852 |
_aES-MaACL _jL-14077 |
||
| 999 |
_c6798 _d6798 |
||